00341nam a2200133Ia 4500003000400000005001700004008004100021040001800062041000800080100004800088110001900136245003200155260002000187OSt20230525105555.0211028s2018 xx 000 0 und d cAIMIT LIBRARY aeng aDsouza, Cynthia N; Suvaris, Roshan.e161911 aRoshan Suvaris aHospital management system. aMangaluruc2018